| 000 | 00660nam a2200229 i 4500 | ||
|---|---|---|---|
| 001 | bgj | ||
| 100 | 1 | _aHENDLER, Sheldon Saul | |
| 245 | 1 | 0 |
_aThe Doctors' Vitamin and Mineral Encyclopedia / _cSheldon Saul Hendler. |
| 260 |
_aNew York [etc.] : _bSimon and Schuster, _cc. 1990. |
||
| 300 |
_a496 pp ; _c25 cm. |
||
| 505 | _aIncludes bibliographical references and index. | ||
| 650 | 9 | _aVitamins | |
| 650 | 9 | _aMinerals in human nutrition | |
| 650 | 9 | _aDietary supplements | |
| 655 | _aDictionaries | ||
| 020 | _a067166784X | ||
| 040 | _cBPK | ||
| 041 | _aeng | ||
| 920 | _a0-671-66784-X | ||
| 942 | _cKS | ||
| 008 | s uk f |000 0 eng | ||
| 999 |
_c47573 _d47573 |
||